Mencari harta
| Main Author: | |
|---|---|
| Format: | Book |
| Published: |
Selangor :
Mika Canggih Sdn.Bhd ,
2001
|
| Series: | Siri setia kasih
|
| Subjects: |
MARC
| LEADER | 00000cam a2200000 7i4500 | ||
|---|---|---|---|
| 001 | 0000063974 | ||
| 005 | 20160616.0 | ||
| 008 | 160616 | ||
| 020 | |a 9832392225 (set) | ||
| 020 | |a 9832392241 | ||
| 090 | 0 | 0 | |a JF |b MAL |
| 100 | 0 | |a Haslinda Hamid | |
| 245 | 1 | 0 | |a Mencari harta |c Haslinda Hamid |
| 260 | |a Selangor : |b Mika Canggih Sdn.Bhd , |c 2001 | ||
| 490 | 1 | |a Siri setia kasih | |
| 500 | |a Children ages 7-9 years old (orange) | ||
| 650 | 0 | |a Children's stories, Malay | |
| 999 | |a 0000950901 |b Book |c Children Collection |e Cawangan Segamat | ||